000 00570nam a2200181Ia 4500
008 100921s9999 xx 000 0 und d
082 _b28123
_a891.463 थ 95
100 _aओक जनार्दन.
245 _aइंद्राणी.
260 _bसत्यजय प्रकाशन, मुंबई.
_c1995
300 _a176
_b---
365 _b95
520 _aललित-कादंबरी.
630 _aइंद्राणी.
650 _aललित-कादंबरी.
730 _aइंद्राणी.
942 _cBOOK
999 _c777236
_d777233